Normes religieuses et genre : Mutations, résistances et reconfiguration (XIXe-XXIe siècle) (notice n° 1568772)
[ vue normale ]
| 000 -LEADER | |
|---|---|
| fixed length control field | 01444cam a2200145 4500500 |
| 005 - DATE AND TIME OF LATEST TRANSACTION | |
| control field | 20251214005325.0 |
| 041 ## - LANGUAGE CODE | |
| Language code of text/sound track or separate title | fre |
| 042 ## - AUTHENTICATION CODE | |
| Authentication code | dc |
| 100 10 - MAIN ENTRY--PERSONAL NAME | |
| Personal name | Rochefort, Florence |
| Relator term | author |
| 245 00 - TITLE STATEMENT | |
| Title | Normes religieuses et genre : Mutations, résistances et reconfiguration (XIXe-XXIe siècle) |
| 260 ## - PUBLICATION, DISTRIBUTION, ETC. | |
| Name of publisher, distributor, etc. | Armand Colin,<br/> |
| Date of publication, distribution, etc. | 2013.<br/> |
| 520 ## - SUMMARY, ETC. | |
| Summary, etc. | Les religions ont joué et jouent encore un rôle clé dans l’élaboration et la reproduction des normes de genre, à savoir le processus de différenciation et de hiérarchisation des sexes et des sexualités. Comment les univers religieux réagissent-ils alors aux mutations des mondes contemporains, en particulier sur les questions des droits des femmes, de la liberté sexuelle et de l’homosexualité ? À travers une variété d’études de cas concernant la religion chinoise, le judaïsme, le protestantisme, le catholicisme et l’islam dans des aires géographiques contrastées, de la Chine, d’Israël, de la Tunisie, du Mexique, de la Polynésie à la France et l’Europe, cet ouvrage explore les adaptations, les reconfigurations ou les raidissements des normes religieuses, autant que les résistances notables qui s’expriment pour concilier croyances religieuses, égalité de genre et démocratie sexuelle. |
| 700 10 - ADDED ENTRY--PERSONAL NAME | |
| Personal name | Sanna, Maria Eleonora |
| Relator term | author |
| 856 41 - ELECTRONIC LOCATION AND ACCESS | |
| Uniform Resource Identifier | <a href="https://shs.cairn.info/normes-religieuses-et-genre--9782200285562?lang=fr&redirect-ssocas=7080">https://shs.cairn.info/normes-religieuses-et-genre--9782200285562?lang=fr&redirect-ssocas=7080</a> |
Pas d'exemplaire disponible.




Réseaux sociaux